00685cam a2200205 a 450000100060000000300080000600500170001400800410003103500190007203500140009103500110010504000300011604100080014608200240015410000310017824501330020926000480034230000330039060000560042320280BD-RjUL20211209000538.0140227r19631924enkc 00000 eng d a(BD-RjUL)20342 a(BD-RjUL) a825901 aANLcANL:NRbengdBD-RjUL aeng0 a822.8220bHAD 19631 aHardy, Thomas,d1840-1928.14aThe dynasts, an epic-drama of the war with Napoleon :cby Thomas Hardy.nPart III :pThe Famous Tragedy of the Queen of Cornwall0 aLondon :bMacmillan,c1924 [Reprinted 1963] a332-368 p :bport. ;c20 cm.00aNapoleoncEmperor of the French,d1769-1821xDrama.